20 Animaux commençant par un N ou un O - Statistiques

Statistiques générales
  • Ce quiz a été pris 39 fois
  • Le résultat moyen est 6 sur 20
Statistiques - réponses
Animal % Correct
18 Ours
76%
10 Orang Outan
62%
16 Otarie
62%
2 Narval
56%
1 Naja
53%
6 Oie
44%
13 Orque
44%
19 Oursin
38%
9 Opossum
29%
17 Ouistiti
26%
5 Ocelot
24%
12 Orignal
24%
14 Orvet
24%
20 Outarde
21%
8 Onagre
18%
15 Oryx
15%
3 Nautile
9%
11 Oreillard
6%
7 Omble
3%
4 Neon
0%
Aucun quiz correspondant
Distribution des résultats
% des personnes avec chaque résultat
Percentile par nombre de réponses
Votre historique - résultats
Vous n’avez pas pris ce quiz